Lesnická práce. Roč. 56, č. 1-12, 1977

Bibliographic Details
Format: Book
Language:Undetermined
Published: Praha Ministerstvo lesního a vodního hospodářství 1977

MARC

LEADER 00000nam a2200000 a 4500
001 vtls001319077
003 SK-MaSNL
005 20260223214857.0
008 210928s1977 xx 0 und
035 |a SNK000271652 
040 |a SNK  |b slo  |c SNK  |e AACR2 
245 1 |a Lesnická práce. Roč. 56, č. 1-12, 1977 
260 |a Praha  |b Ministerstvo lesního a vodního hospodářství  |c 1977 
958 |a OND 
999 |c 717023  |d 718953 
952 |t P60, <06>, [BOOK], {606}  |a SNK  |b SNK  |y PREZ  |7 0  |p 17A0121613  |o snkČC 374/56/1977  |0 0  |1 1  |4 0  |d 1998-02-03  |l 0  |r 2005-01-02 00:00:00  |w 2026-02-23